[Event "Dieren Reserve-C"]
[Site "Dieren"]
[Date "2013.07.30"]
[Round "7"]
[White "Haisma, Henk"]
[Black "Van Willigen, Jan Willem"]
[Result "1/2-1/2"]
[WhiteElo "1616"]
[BlackElo "1493"]
[PlyCount "91"]
[EventDate "2013.07.23"]
[EventType "swiss"]
[EventRounds "9"]
[EventCountry "NED"]
[SourceTitle "EXT 2014"]
[Source "ChessBase"]
[SourceDate "2013.11.20"]
[SourceVersion "1"]
[SourceVersionDate "2013.11.20"]
[SourceQuality "1"]

1. b4 d5 2. Bb2 e6 3. Nf3 Nf6 4. a3 Nbd7 5. e3 Bd6 6. c4 dxc4 7. Bxc4 0-0 8. d4 c6 9. 0-0 b6 10. Nc3 Nd5 11. Qc2 Bb7 12. Bd3 g6 13. e4 Nxc3 14. Bxc3 Bf4 15. g3 Bh6 16. e5 Rc8 17. Be4 Ba8 18. Rfd1 Qc7 19. Bd2 Bg7 20. Rac1 c5 21. Bxa8 Rxa8 22. Qa4 Qb7 23. bxc5 Qxf3 24. Qxd7 bxc5 25. dxc5 Qxa3 26. Bf4 Rfd8 27. Qb5 Rxd1+ 28. Rxd1 Qc3 29. Rc1 Qd4 30. c6 Qb6 31. Qxb6 axb6 32. Be3 Bxe5 33. Bxb6 Rc8 34. f4 Bc7 35. Bd4 Bd6 36. Kf2 Kf8 37. Bf6 Ke8 38. Ke3 Be7 39. Be5 f6 40. Bd4 Bd8 41. g4 Ke7 42. g5 fxg5 43. fxg5 Kd6 44. Bf6 Bb6+ 45. Ke4 Bc5 46. c7 1/2-1/2